01029cam a22002412 45000010005000000030006000050050017000110080041000280350035000690400037001040410011001410820024001521110071001762450136002472600105003833000049004885000060005375000054005975040029006516500038006807000032007187100037007504483UkOxU20211208233911.0131222s1963 enkb 100 0 eng u aOCLC ocm01025148 from D970407M cHAMdOCLdWSUdEQOaBD-RjULbeng0 aengfre a333.70967bAFR 19632 aInternational African Seminarn(2nd :d1963:cLeopoldville, Congo)10aAfrican agrarian systems :bstudies presented and discussed /cEdited with an introd. by Daniel Biebuyck. Foreword by Daryll Forde. a[London] :bPublished for the International African Institute by the Oxford University Press,c1963. axiii, 407 p.bmaps (2 fold.) diagrs.c23 cm. aEnglish or French with summaries in the other language. aOrganized by the International African Institute. aIncludes bibliographies. 0aLand tenurezAfrica, Sub-Saharan.1 aBiebuyck, Daniel P.,d1925-2 aInternational African Institute.